000 00455nam a2200145Ia 4500
008 220905s9999||||xx |||||||||||||| ||und||
020 _a978-979-796-048-3
084 _a128-0172 SAI Gov Bo.1
100 _aM. Mas'ud Said
245 0 _aArah Baru Otonomi Daerah di Indonesia
260 _aMalang
_bUniversitas Muhammadiyah Malang
_c2008
300 _ai-xxviii + 366 hlm
650 _aGovernment, Pemerintahan
_eG-O-V
_vOtonomi Daerah Indonesia
942 _cBK
999 _c21332
_d21332